Wards of Yokohama City - Statistics

General Stats
  • This quiz has been taken 124 times
  • The average score is 12 of 18
Answers on the Map
Answers color-coded by a green-red scale on the quiz's map according to % correct below.
 
Answer Stats
Answer % Correct
Naka 中
82%
Nishi 西
79%
Aoba 青葉
76%
Tsurumi 鶴見
76%
Kanagawa 神奈川
70%
Kanazawa 金沢
70%
Kohoku 港北
70%
Minami 南
70%
Totsuka 戸塚
70%
Hodogaya 保土ケ谷
64%
Isogo 磯子
64%
Konan 港南
64%
Seya 瀬谷
61%
Midori 緑
58%
Tsuzuki 都築
58%
Asahi 旭
55%
Izumi 泉
55%
Sakae 栄
45%
No matching quizzes found
Score Distribution
Percent of People with Each Score
Percentile by Number Answered
Your Score History
You have not taken this quiz